Caracterización del aprovechamiento y uso de bejucos en el municipio de Circasia - Quindio (Registro nro. 8063)
[ vista simple ]
| 000 -CABECERA | |
|---|---|
| Campo de control | 00952nam a22002057a 4500 |
| 005 - FECHA Y HORA DE LA ULTIMA TRANSACCION | |
| Campo de control | 20141222094121.0 |
| 008 - ELEMENTOS DE LONGITUD FIJA—INFORMACION GENERAL | |
| Campo de control | 131216b2006 ck ||||| |||| 00| 0 spa d |
| 040 ## - FUENTE DE CATALOGACIÓN | |
| Agencia transcriptora | CO-BoIH |
| 041 ## - IDIOMA | |
| Código de idioma para texto/pista de sonido o título separado | Español |
| 044 ## - PAÍS DE PUBLICACIÓN | |
| País de publicación | Colombia |
| 090 ## - CLASIFICACIÓN LOCAL | |
| Colección | IAVH |
| Consecutivo | 00923 |
| 100 ## - ASIENTO PRINCIPAL--NOMBRE PERSONAL | |
| Nombre personal | Martinez Bedoya-Yerly Andres |
| 245 ## - MENCION DE TITULO | |
| Título | Caracterización del aprovechamiento y uso de bejucos en el municipio de Circasia - Quindio |
| 260 ## - PUBLICACION, DISTRIBUCION, ETC. (PIE DE IMPRENTA) | |
| Lugar de publicación, distribución, etc. | Bogotá |
| Nombre del editor, distribuidor, etc. | Instituto de Investigación de Recursos Biológicos Alexander von Humboldt |
| Fecha de publicación, distribución, etc. | 2006 |
| 300 ## - DESCRIPCION FISICA | |
| Extensión | 29 p. |
| Otros detalles físicos | il. |
| Dimensiones | 28 cm. |
| 520 ## - NOTA DE RESUMEN, ETC. | |
| Nota de resumen | Sub-proyecto del proyecto plan de co-manejo adaptativo de bejucos utilizados en artesanías en la zona cafetera colombiana.El objetivo del proyecto es generar información que contribuya al conocimiento de la comunidad de usuarios de bejuco en el municipio de Circasia - Quindio. |
| 650 ## - ASIENTO SECUNDARIO DE MATERIA - TERMINO TEMATICO | |
| Término temático o nombre geográfico como elemento de entrada | Artesanias en bejuco |
| Subdivisión geográfica | Circasia (Quindio) |
| 700 ## - ASIENTO SECUNDARIO - NOMBRE PERSONAL | |
| Nombre personal | Alvarez- Larri |
| 942 ## - ELEMENTOS ADICIONALES (KOHA) | |
| Sistema de clasificación | Local |
| Tipo de ítem | Informe Técnico |
| Withdrawn status | Lost status | Sistema de Clasificación | Damaged status | No para préstamo | Colección | Inventariado | Ubicación Permanente | Ubicación actual | Fecha de adquisición | Total Checkouts | Número topográfico | Inventario / Código de Barras | Date last seen | Ejemplar | Price effective from | Forma de adquisición | Tipo de material |
|---|---|---|---|---|---|---|---|---|---|---|---|---|---|---|---|---|---|
| Local | Humboldt | Inventariado 2017 | Bogotá | Bogotá | 16/12/2013 | IAVH-00923 | 059647 | 09/08/2024 | Ej.1 | 16/12/2013 | Informe Técnico |